|
|
|
|
| LEADER |
01058nam a2200337 4500 |
| 001 |
DLU090091207 |
| 005 |
##20091201 |
| 040 |
# |
# |
|a DLU
|b eng
|
| 041 |
# |
# |
|a eng
|
| 044 |
# |
# |
|a us
|
| 100 |
# |
# |
|a Finster, Kai.
|
| 245 |
# |
# |
|a Elemental sulfur and thiosulfate disproportionation by desulfocapsa sulfoexigens sp. nov., a new anaerobic bacterium isolated from marine surface sediment /
|c Kai Finster, Werner Liesack, Bo Thamdrup.
|
| 653 |
# |
# |
|a Chemoautotrophy
|
| 653 |
# |
# |
|a Description
|
| 653 |
# |
# |
|a Metabolism
|
| 653 |
# |
# |
|a Phylogeny
|
| 653 |
# |
# |
|a Sulfites
|
| 653 |
# |
# |
|a Taxonomy
|
| 653 |
# |
# |
|a Thiosulfates
|
| 700 |
# |
# |
|a Liesack, Werner.
|
| 700 |
# |
# |
|a Thamdrup, Bo.
|
| 773 |
# |
# |
|t Applied and Environmental Microbiology
|g Vol. 64, no. 1 (January 1998), p. 119-125
|
| 920 |
# |
# |
|a Phòng Tạp chí -- Trung tâm Thông tin - Thư viện Trường Đại học Đà Lạt
|
| 994 |
# |
# |
|a DLU
|
| 900 |
# |
# |
|a True
|
| 911 |
# |
# |
|a Trương Bảo Trâm Anh
|
| 925 |
# |
# |
|a G
|
| 926 |
# |
# |
|a A
|
| 927 |
# |
# |
|a BB
|
| 980 |
# |
# |
|a Thư viện Trường Đại học Đà Lạt
|